|
|
|
|
| LEADER |
00980nam a2200229 i 4500 |
| 001 |
10096439 |
| 003 |
GR-PaULI |
| 005 |
20210117210930.0 |
| 008 |
120302t2017 gr a g 1 gre d |
| 952 |
|
|
|0 0
|1 0
|2 ddc
|4 0
|6 515_630000000000000_ΣΟΥ
|7 0
|9 233611
|a LISP
|b LISP
|c BSC
|d 2019-07-05
|i 141220
|l 0
|o 515.63 ΣΟΥ
|p 025000264018
|r 2019-07-05 00:00:00
|t 1
|v 2019.00
|w 2019-07-05
|y BK15
|
| 999 |
|
|
|c 141758
|d 141758
|
| 020 |
|
|
|a 9789602664667
|
| 040 |
|
|
|a GR-PaULI
|c GR-PaULI
|b gre
|e AACR2
|
| 082 |
0 |
4 |
|a 515.63
|2 23
|
| 100 |
1 |
|
|a Σουρλάς, Δημήτρης
|4
|9 28969
|e συγγραφέας.
|
| 245 |
1 |
0 |
|a Διανυσματική ανάλυση /
|c Δημήτρης Σουρλάς.
|
| 260 |
|
|
|a Αθήνα :
|b Συμμετρία,
|c c2017.
|
| 300 |
|
|
|a 559, [2] σ. :
|b εικ. ;
|c 24 εκ.
|
| 504 |
|
|
|a Περιλαμβάνει βιβλιογραφία και ευρετήριο.
|
| 650 |
|
4 |
|a Διανυσματική ανάλυση
|9 9142
|
| 942 |
|
|
|2 ddc
|c BK15
|
| 998 |
|
|
|c ΛΟΤΣΑΡΗ
|d 2019-07
|